000 00458pab a2200181 454500
008 180718b2011 xxu||||| |||| 00| 0 eng d
100 _aMushkat, Miron
245 _aThe anatomy of corruption in China: A political economy perspective
260 _c2011
300 _ap.41-51.
362 _aApr
650 _aCorruption - China
650 _aCorruption
700 _aMushkat, Roda
773 _aAsian Economic Review
908 _aN
909 _a91882
999 _c91882
_d91882